Entry Nombre personal
001 - NÚMERO DE CONTROL
- campo de control: 133693
003 - IDENTIFICADOR DE NÚMERO DE CONTROL
- campo de control: SpMaBN
005 - FECHA Y HORA DE LA ÚLTIMA TRANSACCIÓN
- campo de control: 20250822231337.0
008 - ELEMENTOS DE DATO DE LONGITUD-FIJA
- campo de control de longitud fija: 930215n| aijnnaabn a aaa ||
016 ## - NÚMERO DE CONTROL DE UNA AGENCIA BIBLIOGRÁFICA NACIONAL
- Número de control del registro: BNE19930152446
024 7# - IDENTIFICADOR DE OTROS ESTÁNDARES
- Número estándar o código: http://viaf.org/viaf/165866418/
- Fuente: viaf
024 7# - IDENTIFICADOR DE OTROS ESTÁNDARES
- Número estándar o código: https://isni.org/isni/0000000113535061
- Fuente: isni
040 ## - FUENTE DE CATALOGACIÓN
- Centro catalogador/agencia de origen: SpMaBN
- Lengua de catalogación: spa
- Centro/agencia transcriptor: SpMaBN
- Normas de descripción: rdc
- Convención/Normas de encabezamiento de materia/tesauro: embne
046 ## - FECHAS CON CODIFICACIÓN ESPECIAL
- Fecha de nacimiento: 1842
- Fecha de la muerte: 1922
100 1# - ENCABEZAMIENTO-NOMBRE DE PERSONA
- Nombre de persona: Vidal, Luis Mariano,
- Fechas asociadas al nombre: 1842-1922
375 ## - GÉNERO/SEXO
- Género: Masculino
400 1# - TRAZADO DE VÉASE--NOMBRE DE PERSONA
- Nombre de persona: Vidal, Luis M.,
- Fechas asociadas al nombre: 1842-1922
400 1# - TRAZADO DE VÉASE--NOMBRE DE PERSONA
- Nombre de persona: Vidal, Lluís M.,
- Fechas asociadas al nombre: 1842-1922
400 1# - TRAZADO DE VÉASE--NOMBRE DE PERSONA
- Nombre de persona: Vidal, Lluís Mariano,
- Fechas asociadas al nombre: 1842-1922
400 1# - TRAZADO DE VÉASE--NOMBRE DE PERSONA
- Nombre de persona: Vidal Carreras, Luis Mariano,
- Fechas asociadas al nombre: 1842-1922
400 1# - TRAZADO DE VÉASE--NOMBRE DE PERSONA
- Nombre de persona: Vidal i Carreras, LLuís Marian,
- Fechas asociadas al nombre: 1842-1922
670 ## - FUENTE DE DATOS ENCONTRADOS
- Cita de la fuente: Luis Mariano Vidal (1842-1922), 1992
670 ## - FUENTE DE DATOS ENCONTRADOS
- Cita de la fuente: Riquezas minerales e industrias extractivas, 1915?
- Información encontrada: port. (por Luis Mariano Vidal)
670 ## - FUENTE DE DATOS ENCONTRADOS
- Cita de la fuente: Montserrat, 1920
- Información encontrada: port. (Luis M. Vidal; ingeniero)
670 ## - FUENTE DE DATOS ENCONTRADOS
- Cita de la fuente: En Lluís Mº Vidal, 1922
- Información encontrada: p. 6 (Lluís Marian Vidal i Carreras; n. 1842-m. 1922)
